000 00780nam a2200217 a 4500
001 000014714
005 20250924073801.0
008 100119s2008 dr 001 0 spa d
040 _aDO-SdBNP
_bspa
_cBNPHU
082 _aRD861.44
_bV145p
100 1 _aValdez, Manuel H.
_933369
245 1 0 _aPasión y venas abiertas /
_cManuel H. Valdez.
260 _aSanto Domingo :
_bUniversidad Autónoma de Santo Domingo,
_c2008.
300 _a56 p. ;
_c21 cm.
490 1 _aPublicaciones de la Universidad Autónoma de Santo Domingo
_v1200
590 _aInventariado, 2019/LP
650 0 _aPoesía dominicana
_966
650 0 _aLiteratura dominicana.
_967
830 _aPublicaciones de la Universidad Autónoma de Santo Domingo
_v1200
_952
910 _aValidado. Control de calidad BNPHU
999 _c14297
_d14297